England and Russia in the East (Record no. 552732)
[ view plain ]
| 000 -LEADER | |
|---|---|
| fixed length control field | 01136nam a2200181Ka 4500 |
| 082 04 - DEWEY DECIMAL CLASSIFICATION NUMBER | |
| Classification number | 958 |
| Author Mark | RAW |
| 100 1# - MAIN ENTRY--PERSONAL NAME | |
| Personal name | Rawlinson, Henry Creswicke, |
| 9 (RLIN) | 49997 |
| 245 10 - TITLE STATEMENT | |
| Title | England and Russia in the East |
| Remainder of title | a series of papers on the political and geographical condition of Central Asia / |
| Statement of responsibility, etc. | by Sir Henry Rawlinson. |
| 250 ## - EDITION STATEMENT | |
| Edition statement | 2d ed., with additional notes. |
| 260 ## - PUBLICATION, DISTRIBUTION, ETC. | |
| Place of publication, distribution, etc. | London : |
| Name of publisher, distributor, etc. | Murray, |
| Date of publication, distribution, etc. | 1875. |
| 300 ## - PHYSICAL DESCRIPTION | |
| Extent | xxii, 412 p. : |
| Other physical details | folded map ; |
| Dimensions | 24 cm. |
| 505 0# - FORMATTED CONTENTS NOTE | |
| Formatted contents note | I.-II. Our political relations with Persia. (Reprinted, with notes, from "Calcutta review," vol. XII, art. I, 1849)--III. The Russians in Central Asia. (Reprinted, with notes, from the "Quarterly review" for October, 1865. no. 236, p. 529)--IV. Central Asia. (Reprinted, with notes, from the "Quarterly review" for October, 1866. no. 240, p. 461)--V. Memorandum on the Central Asian question, dated July, 1868.--VI. The later phases of the Central Asian question. |
| 526 ## - STUDY PROGRAM INFORMATION NOTE | |
| Program name | 0 |
| Interest level | 0 |
| Reading level | 0 |
| Title point value | 958_000000000000000_RAW |
| 650 #0 - SUBJECT ADDED ENTRY--TOPICAL TERM | |
| Topical term or geographic name entry element | Eastern question (Central Asia) |
| 9 (RLIN) | 5486 |
| 650 #0 - SUBJECT ADDED ENTRY--TOPICAL TERM | |
| Topical term or geographic name entry element | MCE |
| 9 (RLIN) | 379 |
| 856 40 - ELECTRONIC LOCATION AND ACCESS | |
| Uniform Resource Identifier | <a href="http://catalog.hathitrust.org/api/volumes/oclc/5587638.html">http://catalog.hathitrust.org/api/volumes/oclc/5587638.html</a> |
| 942 ## - ADDED ENTRY ELEMENTS (KOHA) | |
| Source of classification or shelving scheme | |
| Koha item type | Book |
| Withdrawn status | Lost status | Source of classification or shelving scheme | Damaged status | Not for loan | Permanent Location | Current Location | Shelving location | Date acquired | Total Checkouts | Full call number | Barcode | Date last seen | Price effective from | Koha item type |
|---|---|---|---|---|---|---|---|---|---|---|---|---|---|---|
| Military College of Engineering (MCE) | Military College of Engineering (MCE) | 01/21/2015 | 958 RAW | MCE-ECE.13 | 01/21/2015 | 01/21/2015 | Book |
